1523 1382 1539 1356 1154 1254 1148 1804 1994 1633 1787 1181 1879 1507 1451 1529 1825 1747 1759 1418 1814 1199 1262 1383 1256 1480 1162 1728 1587 1143 1913 1012 1585 1102 1864 1257 1193 1640 1460 1712 1039 1759 1854 1242 1721 1479 1058 1371 1252 1987 1995 1793 1702 1644 1456 1879 1548 1697 1123 1843 1325 1477 1814 1027 1321 1182 1258 1503 1408 1122 1502 1359 1637 1451 1995 1603 1616 1704 1928 1496 1745 1564 1653 1964 1212 1924 1085 1763 1339 1482 1508 1653 1165 1553 1087 1342 1727 1837 1972 BCNSPRNW ULIB Ver.6.0+V

เปลี่ยนเป็นภาษาไทย

Change to English
 แสดงรายละเอียดบรรณานุกรม
  กลับหน้าหลัก

Brief Record : Get Marc (ISO 2709) : E-mail record : QR code < ปิดหน้าต่าง
LEADER : 00000nam 2200000uu 4500
001    13399127491
003     ULIB
008    200617s2562||||th 000 0 tha d
020    ู^a9786160038183
050  0 ^aนว^bก398ค
100    ^aกัลฐิดา
245    ^aคิวรัก...หมายเลขหนึ่ง
250    ^aพิมพ์ครั้งที่ 1
260    ^aกรุงเทพฯ :^bพิมพ์คำ,^c2562
300    ^a372 หน้า;^b21 ซม.
650    ^aนวนิยาย
945    ^p260^l0^i28397
999    ^aกัณชพร จุลอักษร
รายการนี้ยังไม่มีแท็ก
คุณยังไม่ได้ล็อกอิน คุณสามารถมีกิจกรรมร่วมกับเว็บไซต์ได้ แต่ต้องล็อกอินก่อน ::
  ล็อกอิน

รายการสื่อสารสนเทศ

ลำดับที่ ประเภท เลขเรียก/บาร์โค้ด สถานที่ สถานะ
1. นวนิยาย
นวนิยาย
นว ก398ค ฉ.1 
  Barcode: 28397
ห้องสมุดวิทยาเขตนครสวรรค์
►หนังสือทั่วไป:l:General Books
บนชั้น

รายการใกล้เคียง
    ชื่อเรื่อง [คิวรัก...หมายเลขหนึ่ง]

    ผู้แต่ง [กัลฐิดา]

    หัวเรื่อง [นวนิยาย]

BibComment


ยังไม่เคยถูกคอมเมนท์

คอมเมนท์ทรัพยากรรายการนี้
  คอมเมนท์: คิวรักหมายเลขหนึ่ง


 Copyright 2026. Bcnsprnw @Library